000 00999nam0a2200265 4500
001 RU\NLR\b_ik\116155
005 20250616225437.0
010 _a5-94357-019-5
_9200
035 _a(NLR Aleph) 002189785
090 _a2896238
_c2896238
100 _a20040826d2003 |||y0rusy50 ca
101 0 _aeng
102 _aRU
105 _aac |||||||||
200 1 _aProgress of legal reforms in Russia
_eСonf. materials, [Moscow, Apr. 24, 2003]
210 _aM.
_cInst. for law a. publ. policy
_d2003
215 _a40, [1] с.
_cил., портр.
_d30
320 _aБиблиогр. в подстроч. примеч.
541 0 _aПрогресс правовых реформ в России
_zrus
606 0 _aПравовые реформы
_jСборники
_yРоссийская Федерация
_92078889
_3RU\NLR\AUTH\661254756
686 4 _aХ62я43
801 0 _aRU
_bNLR
_c20040826
_gPSBO
942 _cBOOK
980 _aNB